Voda a udržateľný rozvoj

Svetový deň vody 2015. Udržateľnosť a legislatíva SR. Voda pre život 2005-2015. Udržateľný rozvoj a jeho 3 zložky - hospodársky rast, starostlivosť o životné prostredie a sociálne začlenenie. Udržateľné vodné hospodárstvo. Integrované vodné hospodárstvo. Voda pre mestá.

Saved in:
Bibliographic Details
Main Author: Jurík, Ľuboš
Format: Book Chapter
Language:Slovak
Subjects:
Tags: Add Tag
No Tags, Be the first to tag this record!

MARC

LEADER 00000naa a2200000 4500
001 0199652
005 20221104113008.7
041 0 |a slo 
044 |a SK 
245 1 0 |a Voda a udržateľný rozvoj  |c Ľuboš Jurík 
520 |a Svetový deň vody 2015. Udržateľnosť a legislatíva SR. Voda pre život 2005-2015. Udržateľný rozvoj a jeho 3 zložky - hospodársky rast, starostlivosť o životné prostredie a sociálne začlenenie. Udržateľné vodné hospodárstvo. Integrované vodné hospodárstvo. Voda pre mestá. 
610 2 0 |a vodohospodárstvo 
610 2 0 |a rozvoj trvalo udržateľný 
100 1 |a Jurík, Ľuboš